<?xml version="1.0" encoding="UTF-8"?>
<record
    xmlns:xsi="http://www.w3.org/2001/XMLSchema-instance"
    xsi:schemaLocation="http://www.loc.gov/MARC21/slim http://www.loc.gov/standards/marcxml/schema/MARC21slim.xsd"
    xmlns="http://www.loc.gov/MARC21/slim">

  <leader>01195nam a2200349Ia 4500</leader>
  <controlfield tag="001">Z_1784</controlfield>
  <controlfield tag="008">220601s9999    xx            000 0 und d</controlfield>
  <datafield tag="020" ind1=" " ind2=" ">
    <subfield code="a">968-26-0351-x</subfield>
  </datafield>
  <datafield tag="082" ind1=" " ind2=" ">
    <subfield code="a">631.81 C66</subfield>
  </datafield>
  <datafield tag="100" ind1=" " ind2=" ">
    <subfield code="a">Cooke, George William, 1916-</subfield>
    <subfield code="9">178682</subfield>
  </datafield>
  <datafield tag="245" ind1=" " ind2=" ">
    <subfield code="a">Fertilizacion para rendimientos maximos / G. w. cooke ; traduci&#xF3;n Antonio Marino Ambrosio</subfield>
  </datafield>
  <datafield tag="250" ind1=" " ind2=" ">
    <subfield code="a">5a. reimpresi&#xF3;n</subfield>
  </datafield>
  <datafield tag="260" ind1=" " ind2=" ">
    <subfield code="a">M&#xE9;xico : CECSA</subfield>
  </datafield>
  <datafield tag="300" ind1=" " ind2=" ">
    <subfield code="a">383 p.</subfield>
  </datafield>
  <datafield tag="500" ind1=" " ind2=" ">
    <subfield code="a">Traducci&#xF3;n de la obra en ingl&#xE9;s: Fertilizing for maximum yield, 2a. edisi&#xF3;n de 1975</subfield>
  </datafield>
  <datafield tag="503" ind1=" " ind2=" ">
    <subfield code="a">ej.1: C/E \ ej.2: C/E</subfield>
  </datafield>
  <datafield tag="504" ind1=" " ind2=" ">
    <subfield code="a">Bibliograf&#xED;a: p. 362 - 370</subfield>
  </datafield>
  <datafield tag="650" ind1=" " ind2=" ">
    <subfield code="a">1. Fertilizantes </subfield>
  </datafield>
  <datafield tag="650" ind1=" " ind2=" ">
    <subfield code="a">Fertilizantes org&#xE1;nicos </subfield>
    <subfield code="9">138942</subfield>
  </datafield>
  <datafield tag="650" ind1=" " ind2=" ">
    <subfield code="a">Esti&#xE9;rcol </subfield>
    <subfield code="9">38313</subfield>
  </datafield>
  <datafield tag="650" ind1=" " ind2=" ">
    <subfield code="a">Fertilizantes compuestos </subfield>
    <subfield code="9">138939</subfield>
  </datafield>
  <datafield tag="650" ind1=" " ind2=" ">
    <subfield code="a">Fertilizantes fosforados </subfield>
    <subfield code="9">138941</subfield>
  </datafield>
  <datafield tag="650" ind1=" " ind2=" ">
    <subfield code="a">Fertilizantes de nitr&#xF3;geno </subfield>
    <subfield code="9">138940</subfield>
  </datafield>
  <datafield tag="650" ind1=" " ind2=" ">
    <subfield code="a">Biofertilizantes </subfield>
    <subfield code="9">12734</subfield>
  </datafield>
  <datafield tag="650" ind1=" " ind2=" ">
    <subfield code="a">Rendimiento de los cultivos</subfield>
    <subfield code="9">138943</subfield>
  </datafield>
  <datafield tag="700" ind1=" " ind2=" ">
    <subfield code="a">Marino Ambrosio, Antonio, tr.&#xCC;</subfield>
    <subfield code="9">178684</subfield>
  </datafield>
  <datafield tag="901" ind1=" " ind2=" ">
    <subfield code="a">631.81 C66</subfield>
  </datafield>
  <datafield tag="902" ind1=" " ind2=" ">
    <subfield code="a">M</subfield>
  </datafield>
  <datafield tag="905" ind1=" " ind2=" ">
    <subfield code="a">523227               1983           mx mn  8222213312spa16</subfield>
  </datafield>
  <datafield tag="942" ind1=" " ind2=" ">
    <subfield code="c">1</subfield>
  </datafield>
  <datafield tag="999" ind1=" " ind2=" ">
    <subfield code="c">216859</subfield>
    <subfield code="d">216859</subfield>
  </datafield>
  <datafield tag="952" ind1=" " ind2=" ">
    <subfield code="0">0</subfield>
    <subfield code="1">0</subfield>
    <subfield code="2">ddc</subfield>
    <subfield code="4">0</subfield>
    <subfield code="5">1</subfield>
    <subfield code="7">0</subfield>
    <subfield code="8">GRAL</subfield>
    <subfield code="a">Z</subfield>
    <subfield code="b">Z</subfield>
    <subfield code="d">2003-05-07</subfield>
    <subfield code="e">Compra</subfield>
    <subfield code="i">C/E</subfield>
    <subfield code="l">0</subfield>
    <subfield code="o">631.81 C66</subfield>
    <subfield code="p">z_6699</subfield>
    <subfield code="r">2022-06-02 00:00:00</subfield>
    <subfield code="t">Ej.2</subfield>
    <subfield code="w">2022-06-02</subfield>
    <subfield code="y">LIBRO</subfield>
  </datafield>
  <datafield tag="952" ind1=" " ind2=" ">
    <subfield code="0">0</subfield>
    <subfield code="1">0</subfield>
    <subfield code="2">ddc</subfield>
    <subfield code="4">0</subfield>
    <subfield code="5">1</subfield>
    <subfield code="7">0</subfield>
    <subfield code="8">GRAL</subfield>
    <subfield code="a">Z</subfield>
    <subfield code="b">Z</subfield>
    <subfield code="d">1999-10-26</subfield>
    <subfield code="e">Compra</subfield>
    <subfield code="i">C/E</subfield>
    <subfield code="l">0</subfield>
    <subfield code="o">631.81 C66</subfield>
    <subfield code="p">z_3209</subfield>
    <subfield code="r">2022-06-02 00:00:00</subfield>
    <subfield code="t">Ej.1</subfield>
    <subfield code="w">2022-06-02</subfield>
    <subfield code="y">LIBRO</subfield>
  </datafield>
</record>
